000
00197 a2200097 4500
001
59979
100
_a
245
_a
Bahao
260
_a
Lahore
_b
Sang-e-Meel
_c
2004
090
_c
36814
_d
36814
942
_a
NUST-CAE
_c
MONOGRAPH
_c
29796
999
_c
295052
_d
295052